Music Quiz

Random Music or Word Play Quiz
Score 0/24 Timer 08:00
4 Plays Today
Song A or B % Correct
'Baby Got Back' by Sir Mix-a-Lot
I like big butts and ______.
(A) I cannot lie or (B) A can of limes
???
94.2%
'Style' by Taylor Swift
Midnight. You come and pick me up, no _____.
(A) Headlights or (B) Head lice
???
94.2%
'Like a Virgin' by Madonna
Like a virgin touched for the _____ time.
(A) Very first or (B) Thirty-first
???
94%
'This Love' by Maroon 5
She said goodbye _____.
(A) Too many times before or (B) To Mary Tyler Moore
???
93.8%
'Barbie Girl' by Aqua
Come on Barbie, let's go _____.
(A) Potty or (B) Party
???
93.6%
'Dancing Queen' by ABBA
Dancing queen, feel the beat from the _____, oh yeah!
(A) Tambourine or (B) Tangerine
???
93.4%
'Free Fallin'' by Tom Petty and the Heartbreakers
She's a good girl, loves her mama, loves _____ and America, too.
(A) Cheez-Its or (B) Jesus
???
92.7%
'Blowin' in the Wind' by Bob Dylan
The _____ blowin' in the wind.
(A) Answer, my friend, is or (B) Ants are my friends; they're
???
92.4%
'I Can See Clearly Now' by Johnny Nash
I can see clearly now, _____ is gone.
(A) Lorraine or (B) The rain
???
92.1%
'I Want It That Way' by The Backstreet Boys
Ain't nothing but a heartache; ain't nothing but a _____.
(A) Mistake or (B) Missed take
???
91.8%
'We Built This City' by Starship
We built this city, we built this city on _____.
(A) Rocks and roads or (B) Rock and roll
???
90.4%
'Baby Come Back' by Player
Baby come back, you can _____.
(A) Play it all on me or (B) Blame it all on me
???
89.8%
Song A or B % Correct
'I'll Make a Man Out of You' from Mulan
We must be swift as the coursing river, with all the force of _____.
(A) A great Thai food or (B) A great typhoon
???
88.9%
'Telephone' by Lady Gaga ft. Beyoncé
I don't wanna think anymore; I _____ on the dance floor.
(A) Hit my head kinda hard or (B) Left my head and my heart
???
88.7%
'Africa' by Toto
There's nothing that a hundred men ______ could ever do.
(A) On Mars or (B) Or more
???
88.3%
'You Oughta Know' by Alanis Morissette
It's not fair to remind me of the _____ that you gave to me.
(A) Cross I bear or (B) Cross-eyed bear
???
86.3%
'Drift Away' by Dobie Gray
Give me the _____, and free me soul.
(A) Beach Boys or (B) Beat, boys
???
86.1%
'I Shot the Sheriff' by Bob Marley
I shot the sheriff, but I didn't shoot _____.
(A) No deputy or (B) Him dead, you see
???
79.9%
'The Sidewinder Sleeps Tonite' by R.E.M.
Call me _____.
(A) Jamaica or (B) When you try to wake her up
???
79.7%
'Smells Like Teen Spirit' by Nirvana
Here we are now, _____.
(A) And we're dangerous or (B) Entertain us
???
79.4%
'Classic' by MKTO
I wanna _____ you like Michael; I wanna kiss you like Prince.
(A) Thrill or (B) Do
???
77.1%
'Brick House' by The Commodores
She's the one, the only one, who's built like _____.
(A) An amazon or (B) A mastodon
???
74.9%
'Grenade' by Bruno Mars
I'd catch a grenade for you, throw _____ for you.
(A) My head on a blade or (B) My hand on a blade
???
68.2%
'Complicated' by Avril Lavigne
...and promise me, I'm never gonna find _____. No, no, no.
(A) You fake it or (B) You faded
???
54.3%

You're not logged in!

Compare scores with friends on all Sporcle quizzes.
OR
Log In

Sporcle TV

Today on Sporcle TV


Watch our educational content, quiz creation guides, and fun videos on Sporcle TV.

Show Comments

Extras

Top Quizzes Today


Score Distribution

Paid Content

Your Account Isn't Verified!

In order to create a playlist on Sporcle, you need to verify the email address you used during registration. Go to your Sporcle Settings to finish the process.

Report this User

Report this user for behavior that violates our Community Guidelines.

Details: